Health minutes

Detalles Bibliográficos
Formato: Electrónico Revista
Lenguaje:inglés
Publicado: Ultimo, New South Wales : Australian Broadcasting Corporation
Materias:
Acceso en línea:Full text available from Research Library: 01/23/2007 to 12/10/2009

MARC

LEADER 00000nas a2200000 i 4500
001 ssj0001076028
003 WaSeSS
005 20200512172242.0
006 m d
007 cr n
008 131227u20uuuuuuxnaj| p|s|||||| |0eng d
035 |a (WaSeSS)ssj0001076028 
040 |a WaSeSS  |b eng  |c WaSeSS  |d WaSeSS 
050 1 4 |a RA773 
245 0 0 |a Health minutes  |h [electronic resource]. 
260 |a Ultimo, New South Wales :  |b Australian Broadcasting Corporation 
310 |a Three times a month 
506 |a License restrictions may limit access. 
588 |a Description based on: January 23, 2007; title from title screen (ProQuest, viewed Dec. 21, 2013). 
588 |a Latest issue consulted: May 17, 2011 (viewed Dec. 21, 2013). 
650 0 |a Health  |v Periodicals. 
650 0 |a Medicine  |v Periodicals. 
655 0 |a Electronic journals. 
856 4 0 |z Full text available from Research Library: 01/23/2007 to 12/10/2009  |u https://search.proquest.com/publication/55136